[Event "Dreadnoughts v Star Trek team"]
[Site "SchemingMind.com"]
[Date "2006.10.13"]
[Round "-"]
[White "pawngrabber"]
[Black "demiurg"]
[Result "0-1"]
[WhiteCountry "ENG"]
[BlackCountry "HUN"]
[WhiteElo "1940"]
[WhiteRD "77"]
[BlackElo "2242"]
[BlackRD "191"]
[GameID "71746"]

1. d4 Nf6 2. c4 c5 3. d5 e6 4. Nc3 exd5 5. cxd5 d6 6. e4 g6 7. f4 Bg7 8. Nf3 O-O 9. Be2 Bg4 10. O-O Nbd7
11. Re1 Re8 12. h3 Bxf3 13. Bxf3 Rc8 14. Kh1 a6 15. a4 c4 16. Be3 Nc5 17. Bxc5 Rxc5 18. e5 dxe5 19. fxe5 Nd7 20. e6 Ne5
21. exf7+ Kxf7 22. Ne4 Ra5 23. Ng5+ Qxg5
0-1

[Event "Dreadnoughts v Star Trek team"]
[Site "SchemingMind.com"]
[Date "2006.10.13"]
[Round "-"]
[White "demiurg"]
[Black "pawngrabber"]
[Result "1-0"]
[WhiteCountry "HUN"]
[BlackCountry "ENG"]
[WhiteElo "2280"]
[WhiteRD "130"]
[BlackElo "1925"]
[BlackRD "77"]
[GameID "71771"]

1. e4 d6 2. d4 Nf6 3. Nc3 g6 4. f4 Bg7 5. Nf3 c5 6. Bb5+ Bd7 7. e5 Ng4 8. Bxd7+ Qxd7 9. d5 dxe5 10. h3 e4
11. hxg4 exf3 12. Qxf3 Na6 13. Bd2 Nb4 14. O-O-O O-O-O 15. Ne4 Qa4 16. Bxb4 Qxb4 17. c3 Qa5 18. Kb1 h6 19. d6 e6 20. d7+ Rxd7
21. Rxd7 Kxd7 22. f5 f6 23. Rd1+
1-0

[Event "Dreadnoughts v Star Trek team"]
[Site "SchemingMind.com"]
[Date "2006.10.12"]
[Round "-"]
[White "NebAnphu"]
[Black "MichaelDV"]
[Result "0-1"]
[WhiteCountry "POL"]
[BlackCountry "SWE"]
[WhiteElo "2015"]
[WhiteRD "93"]
[BlackElo "2204"]
[BlackRD "78"]
[GameID "71747"]

1. e4 e6 2. d3 d5 3. Nd2 Nf6 4. Ngf3 c5 5. g3 Nc6 6. Bg2 Be7 7. O-O O-O 8. Re1 b5 9. e5 Nd7 10. Nf1 a5
11. h4 b4 12. Bf4 a4 13. a3 bxa3 14. bxa3 Ba6 15. Ne3 Qa5 16. Ng4 Rab8 17. Bg5 Bxg5 18. hxg5 Rb7 19. c4 Rb3 20. Kh2 Nb6
21. Ne3 Nd4 22. Nxd4 cxd4 23. Nc2 dxc4 24. Nb4 cxd3 25. Nxa6 Qxa6 26. Re4 Qa5 27. Qh5 g6 28. Qh6 Rd8 29. Rh4 Qxe5 30. Qxh7+ Kf8
31. Rf4 Qg7 32. Qh3 d2 33. Qxe6 Kg8 34. Qe7 Qf8 35. Qa7 Rd7 36. Qa5 Rc3 37. Qxb6 Rc1 38. Qb2 d1=Q 39. Rxc1 Qb3 40. Qd2 Qbxa3
41. Rc4 d3 42. Rxa4 Qac5 43. Rfc4 Qce7 44. Re4 Qd6 45. Rh4 Rd8 46. Rhf4 Qfe7 47. Rfe4 Qed7 48. Rh4 Q7e6 49. Rh6 Qf8 50. Re4 Qb6
51. Bf3 Qa3 52. Qe1 Qac5 53. Qa1 Qxf2+ 54. Bg2 Qbb2
0-1

[Event "Dreadnoughts v Star Trek team"]
[Site "SchemingMind.com"]
[Date "2006.10.12"]
[Round "-"]
[White "MichaelDV"]
[Black "NebAnphu"]
[Result "1-0"]
[WhiteCountry "SWE"]
[BlackCountry "POL"]
[WhiteElo "2204"]
[WhiteRD "78"]
[BlackElo "2015"]
[BlackRD "93"]
[GameID "71772"]

1. Nf3 Nf6 2. c4 c5 3. Nc3 Nc6 4. g3 d5 5. d4 cxd4 6. Nxd4 dxc4 7. Nxc6 Qxd1+ 8. Nxd1 bxc6 9. Bg2 Nd5 10. Ne3 Ba6
11. Nxd5 cxd5 12. Bxd5 Rc8 13. Bd2 e6 14. Bf3 f6 15. Rd1 Bc5 16. O-O Ke7 17. Ba5 Bb6 18. Bb4+ Bc5 19. Bc3 Rhd8 20. Be4 g6
21. h4 Bb5 22. e3 Rd6 23. Kg2 Rcd8 24. Rxd6 Rxd6 25. h5 f5 26. hxg6 hxg6 27. Bf3 Bc6 28. Rh1 g5 29. g4 Bxf3+ 30. Kxf3 Kd7
31. Rh5 fxg4+ 32. Kxg4 Rd1 33. Kxg5 Rd5+ 34. Kg4 Rxh5 35. Kxh5 Kc6 36. Kg6 Kd5 37. Kf6 a6 38. Bd4 Bb4 39. f3 Be1 40. Bc3 Bh4+
41. Kf7 Bg3 42. Ke7 Bd6+ 43. Kd7 e5 44. e4+ Kc5 45. Bb4+ Kxb4 46. Kxd6 a5 47. Kxe5 a4 48. Kd4 c3 49. bxc3+ Ka3 50. e5
1-0

[Event "Dreadnoughts v Star Trek team"]
[Site "SchemingMind.com"]
[Date "2006.10.13"]
[Round "-"]
[White "thereporter"]
[Black "Clearchesser"]
[Result "1/2-1/2"]
[WhiteCountry "AUS"]
[BlackCountry "USA"]
[WhiteElo "2009"]
[WhiteRD "119"]
[BlackElo "1763"]
[BlackRD "195"]
[GameID "71748"]

1. d4 Nf6 2. Nf3 g6 3. c4 Bg7 4. g3 O-O 5. Bg2 c5 6. O-O cxd4 7. Nxd4 Nc6 8. Nc3 Nxd4 9. Qxd4 d6 10. Qd3 a6
11. Be3 Bf5 12. Qd2 Qc8 13. Rac1 Bh3 14. Nd5 Nxd5 15. cxd5 Qd7 16. Bxh3 Qxh3 17. Rc7 b5 18. Rxe7 Rfe8 19. Rxe8+ Rxe8 20. Bf4 Be5
21. e3 Bxf4 22. exf4 Qf5 23. Rc1 Rc8 24. Rxc8+ Qxc8 25. b4 Qc4 26. Kg2 Kf8 27. h4 Ke7 28. Kf3 f5 29. Qe2+ Qxe2+ 30. Kxe2 h5
31. Kd3 Kd7 32. Kc3=
1/2-1/2

[Event "Dreadnoughts v Star Trek team"]
[Site "SchemingMind.com"]
[Date "2006.10.14"]
[Round "-"]
[White "Clearchesser"]
[Black "thereporter"]
[Result "0-1"]
[WhiteCountry "USA"]
[BlackCountry "AUS"]
[WhiteElo "1854"]
[WhiteRD "125"]
[BlackElo "2016"]
[BlackRD "96"]
[GameID "71773"]

1. d4 Nf6 2. c4 g6 3. Nc3 Bg7 4. e4 d6 5. f3 O-O 6. Be3 e5 7. d5 c6 8. g3 Na6 9. Bh3 cxd5 10. cxd5 Nd7
11. Qb1 Kh8 12. Nge2 Nb6 13. Bxc8 Rxc8 14. b3 f5 15. O-O f4 16. Bd2 Nc5 17. g4 h5 18. h3 Qh4 19. Kg2 a6 20. a4 Kg8
21. a5 Na8 22. b4 Nd7 23. Qd3 Nc7 24. Be1 Qe7 25. Bf2 Nf6 26. Bg1 hxg4 27. hxg4 Kf7 28. Na4 Na8 29. Nec3 Qd7 30. Ra2 Rh8
31. Qe2 Rh4 32. Rb1 Nxg4 33. fxg4 Rxg4+ 34. Kf1 Rg3 35. b5 Qh3+
0-1

[Event "Dreadnoughts v Star Trek team"]
[Site "SchemingMind.com"]
[Date "2006.10.19"]
[Round "-"]
[White "bioniclime"]
[Black "norlavuaram"]
[Result "1-0"]
[WhiteCountry "USA"]
[BlackCountry "PER"]
[WhiteElo "1686"]
[WhiteRD "98"]
[BlackElo "1557"]
[BlackRD "76"]
[GameID "71750"]

1. c4 Nf6 2. g3 g6 3. Bg2 Bg7 4. e4 d6 5. Nc3 O-O 6. d3 c5 7. Nge2 Nc6 8. O-O Bd7 9. Bd2 a6 10. Nd5 b5
11. Rb1 bxc4 12. dxc4 Rb8 13. Qc1 Ne5 14. Qc2 e6 15. Ndf4 Qc7 16. Nd3 Nxd3 17. Qxd3 Bc6 18. Nc3 Ng4 19. Qe2 Nf6 20. f4 Nd7
21. f5 exf5 22. exf5 Rbe8 23. Qg4 Ne5 24. Qh4 gxf5 25. Rxf5 Ng6 26. Qh5 Bd4+ 27. Kh1 Re5 28. Rxe5 Bxe5 29. Nd5 Bxd5 30. Bxd5 Bg7
31. b3 Qe7 32. Re1 Ne5 33. Re4 Qf6 34. Rf4 Qg6 35. Qxg6 hxg6 36. Ba5 Nd3 37. Rf1 Ne5 38. Bc7 Ng4 39. Rf4 Nf6 40. Bxd6 Nxd5
41. cxd5 Rd8 42. Bxc5 Rxd5 43. Bb4 a5 44. Be7 Rd2 45. Ra4 Re2 46. Bd8 Re1+ 47. Kg2 Re2+ 48. Kh3 Bc3 49. Bxa5 Bg7 50. Bc7 Rc2
51. Ra8+ Kh7 52. Bf4 Rb2 53. g4 Rf2 54. Kg3 Rb2 55. h4 Bd4 56. h5 gxh5 57. gxh5 Bf2+ 58. Kg4 Bd4 59. Kf5 Rf2 60. Ke4 Bc3
61. Be3 Rh2 62. h6 Rh1 63. Rc8 Bf6 64. Rc2 Re1 65. Kd3 Rh1 66. Kc4 Rh4+ 67. Kb5 Kg6 68. Rc4 Rh5+ 69. Ka4 Bd8 70. Rc6+ Kh7
71. Rc5 Rh4+ 72. Rc4 Rh2 73. a3 Rh3 74. Rc8 Rxe3 75. Rxd8 Kxh6 76. Rg8 f5 77. b4
1-0

[Event "Dreadnoughts v Star Trek team"]
[Site "SchemingMind.com"]
[Date "2006.10.19"]
[Round "-"]
[White "norlavuaram"]
[Black "bioniclime"]
[Result "1-0"]
[WhiteCountry "PER"]
[BlackCountry "USA"]
[WhiteElo "1710"]
[WhiteRD "67"]
[BlackElo "1698"]
[BlackRD "91"]
[GameID "71775"]

1. e4 c5 2. Nf3 d6 3. Bb5+ Nd7 4. d4 Nf6 5. Nc3 cxd4 6. Nxd4 a6 7. Be2 g6 8. O-O Bg7 9. Be3 O-O 10. Qd2 Qc7
11. Rad1 Ne5 12. Bh6 Nfg4 13. Bxg7 Kxg7 14. f4 Nc4 15. Bxc4 Qxc4 16. h3 Nf6 17. e5 dxe5 18. fxe5 Nd7 19. e6 Nf6 20. exf7 Rxf7
21. Nf3 Bf5 22. Kh1 Rc8 23. Ne5 Qh4 24. Nxf7 Kxf7 25. Qf4 Qxf4 26. Rxf4 Bxc2 27. Re1 Bf5 28. g4
1-0

[Event "Dreadnoughts v Star Trek team"]
[Site "SchemingMind.com"]
[Date "2006.10.13"]
[Round "-"]
[White "Nephi"]
[Black "timroberts"]
[Result "0-1"]
[WhiteCountry "ENG"]
[BlackCountry "USA"]
[WhiteElo "1591"]
[WhiteRD "73"]
[BlackElo "1711"]
[BlackRD "100"]
[GameID "71751"]

1. d4 d5 2. e4 dxe4 3. Nc3 Nf6 4. f3 exf3 5. Nxf3 Bf5 6. Ne5 e6 7. g4 Bg6 8. Qf3 Bd6 9. g5 Bxe5 10. dxe5 Nd5
11. Bg2 c6 12. Nxd5 cxd5 13. c3 Nc6 14. Bf4 Qb6 15. b3 Rc8 16. Qe2 Ne7 17. Be3 Qc6 18. Rc1 Qc7 19. Bd4 a6 20. O-O Nf5
21. Qd2 O-O 22. c4 Qd7 23. Bf2 Rfd8 24. Bb6 dxc4 25. Qxd7 Rxd7 26. bxc4 Ne7 27. c5 Nd5 28. Bxd5 Rxd5 29. Rfe1 Rd2 30. a4 Rd4
31. a5 Rg4+ 32. Kf2 Rxg5 33. Rcd1 Rg4 34. Rd7 Be4 35. Red1 g6 36. Rg1 Rh4 37. Kg3 Rh5 38. Rgd1 Bd5 39. Bd8 Rxc5 40. Bf6 Rc3+
41. Kf2 Rc8 42. h4 Rf5+ 43. Ke1 Rf4 44. Rb1 Ra4 45. Rd8+ Rxd8 46. Bxd8 Re4+ 47. Kd2 Rxe5 48. Bf6 Rf5 49. Bg5 Bc6 50. Ke3 Rxa5
51. Bf6 h6 52. Rd1 Rd5
0-1

[Event "Dreadnoughts v Star Trek team"]
[Site "SchemingMind.com"]
[Date "2006.10.13"]
[Round "-"]
[White "timroberts"]
[Black "Nephi"]
[Result "1-0"]
[WhiteCountry "USA"]
[BlackCountry "ENG"]
[WhiteElo "1732"]
[WhiteRD "113"]
[BlackElo "1610"]
[BlackRD "70"]
[GameID "71776"]

1. e4 c5 2. Nf3 Nc6 3. d4 cxd4 4. Nxd4 Nf6 5. Nc3 e5 6. Nf3 Bb4 7. Bd3 O-O 8. Bg5 d6 9. h3 Be6 10. O-O a6
11. Nd5 Bxd5 12. exd5 Nb8 13. c3 Ba5 14. Bc2 Nbd7 15. Re1 Re8 16. Bh4 h6 17. Qd2 Qc7 18. Be4 Nxe4 19. Rxe4 Nc5 20. Rg4 f5
21. Rg6 e4 22. Nd4 Kh7 23. Rg3 Rg8 24. Nxf5 Rae8 25. b4 Na4 26. bxa5 Qxa5 27. Rxg7+ Rxg7 28. Qxh6+
1-0

[Event "Dreadnoughts v Star Trek team"]
[Site "SchemingMind.com"]
[Date "2006.10.13"]
[Round "-"]
[White "echecs"]
[Black "Archon"]
[Result "0-1"]
[WhiteCountry "ENG"]
[BlackCountry "CAN"]
[WhiteElo "1767"]
[WhiteRD "60"]
[BlackElo "1662"]
[BlackRD "121"]
[GameID "71752"]

1. b4 d5 2. Bb2 Bg4 3. a3 e6 4. h3 Bh5 5. Nf3 Bxf3 6. exf3 Nf6 7. Bd3 Nbd7 8. Nc3 c6 9. Ne2 Bd6 10. c4 Qe7
11. Rb1 Ne5 12. Qc2 Nxd3+ 13. Qxd3 O-O 14. c5 Bc7 15. Ng3 b6 16. cxb6 axb6 17. O-O c5 18. Rbc1 Bd6 19. bxc5 bxc5 20. Rfe1 c4
21. Qc3 Bxa3 22. Rb1 Bxb2 23. Rxb2 Rfb8 24. Rxb8+ Rxb8 25. Nf5 Qb4 26. Nd4 Qxc3 27. dxc3 g6 28. Nc6 Rb3 29. Re3 Ne8 30. Nd4 Ra3
31. Nc2 Ra2 32. Nb4 Ra1+ 33. Kh2 Rc1 34. g4 Nc7 35. Kg3 Nb5 36. Kf4 Rxc3 37. Re2 Rb3 38. Nc6 Na3 39. Kg5 Kg7 40. Kf4 Nb5
41. g5 Rd3 42. Ne5 Rd1 43. Nd7 c3 44. Nf6 h5 45. Ra2 Kf8 46. Ra8+ Ke7 47. Re8+ Kd6 48. Ne4+ Kc7 49. Nxc3 Nxc3 50. Re7+ Kd6
51. Rxf7 e5+ 52. Ke3 d4#
0-1

[Event "Dreadnoughts v Star Trek team"]
[Site "SchemingMind.com"]
[Date "2006.10.13"]
[Round "-"]
[White "Archon"]
[Black "echecs"]
[Result "1/2-1/2"]
[WhiteCountry "CAN"]
[BlackCountry "ENG"]
[WhiteElo "1638"]
[WhiteRD "132"]
[BlackElo "1767"]
[BlackRD "58"]
[GameID "71777"]

1. d4 Nf6 2. c4 e6 3. Nc3 c5 4. d5 d6 5. e4 Be7 6. f4 exd5 7. cxd5 O-O 8. Nf3 Bg4 9. h3 Bd7 10. Bd3 a6
11. a4 Nh5 12. O-O Bh4 13. Nxh4 Qxh4 14. Qf3 Ng3 15. Rf2 Re8 16. Kh2 Nh5 17. Bd2 g6 18. Raf1 f6 19. e5 dxe5 20. fxe5 Rxe5
21. g4 a5 22. gxh5 Rxh5 23. Qxh5 Qxh5 24. Rxf6 Qxh3+ 25. Kg1 Qg3+=
1/2-1/2

[Event "Dreadnoughts v Star Trek team"]
[Site "SchemingMind.com"]
[Date "2006.10.14"]
[Round "-"]
[White "Bjorno84"]
[Black "Dreadtower"]
[Result "1-0"]
[WhiteCountry "USA"]
[BlackCountry "ENG"]
[WhiteElo "1824"]
[WhiteRD "109"]
[BlackElo "1789"]
[BlackRD "119"]
[GameID "71753"]

1. d4 Nf6 2. Nf3 e6 3. Bg5 h6 4. Bh4 c5 5. e3 cxd4 6. exd4 Be7 7. Nbd2 b6 8. Be2 O-O 9. O-O Ba6 10. Bxa6 Nxa6
11. c3 Nc7 12. Ne5 Rc8 13. Rc1 Nfd5 14. Bxe7 Qxe7 15. Ndf3 d6 16. Nd3 a5 17. b3 Na6 18. c4 Nf6 19. Nb2 d5 20. Qe2 Nb4
21. a3 Na2 22. Ra1 Nc3 23. Qd3 Nce4 24. Ne5 dxc4 25. Nbxc4 b5 26. Nxa5 b4 27. axb4 Qxb4 28. Nac6 Qd6 29. Ra7 Rxc6 30. Nxc6 Qxc6
31. Rb1 Ra8 32. Rxa8+ Qxa8 33. f3 Nd6 34. Rc1 Qa5 35. Qc3 Qxc3 36. Rxc3 Nd5 37. Rc1 Nf5 38. Rc4 Nde3 39. Rc3 Nd5 40. Rc4 Kh7
41. g4 Nfe3 42. Rc1 Nf4 43. Rc7 Ne2+ 44. Kf2 Nd5 45. Rxf7 Nxd4 46. Rb7 Kg6 47. b4 Kf6 48. b5 Nc3 49. b6 Nd5 50. Rb8 Nc6
51. Rc8 Nce7 52. b7 Nb6 53. Rc7
1-0

[Event "Dreadnoughts v Star Trek team"]
[Site "SchemingMind.com"]
[Date "2006.10.13"]
[Round "-"]
[White "Dreadtower"]
[Black "Bjorno84"]
[Result "1-0"]
[WhiteCountry "ENG"]
[BlackCountry "USA"]
[WhiteElo "1734"]
[WhiteRD "131"]
[BlackElo "1774"]
[BlackRD "115"]
[GameID "71778"]

1. e4 e5 2. Nf3 Nf6 3. Nxe5 d6 4. Nf3 Nxe4 5. d4 Be7 6. Bd3 Ng5 7. O-O O-O 8. Nxg5 Bxg5 9. Qh5 h6 10. Bxg5 Qxg5
11. Qxg5 hxg5 12. Nc3 Nc6 13. Nb5 Rb8 14. c3 b6 15. Nxc7 Rb7 16. Nd5 Re8 17. Rae1 Ne7 18. Bb5 Bd7 19. Nxe7+ Kf8 20. Bxd7 Rxd7
21. Nd5 Red8 22. Re3 f6 23. Rfe1 Rf7 24. Re7 Rxe7 25. Rxe7 Ra8 26. Re1 Re8 27. Rxe8+ Kxe8 28. Ne3 Kd7 29. d5 b5 30. b3 a5
31. c4 b4 32. Nc2 Kc7 33. Nd4
1-0

[Event "Dreadnoughts v Star Trek team"]
[Site "SchemingMind.com"]
[Date "2006.10.13"]
[Round "-"]
[White "ammar_k"]
[Black "thinkfirst29"]
[Result "1-0"]
[WhiteCountry "CAN"]
[BlackCountry "USA"]
[WhiteElo "1676"]
[WhiteRD "154"]
[BlackElo "1578"]
[BlackRD "72"]
[GameID "71754"]

1. e4 c5 2. Nf3 Nc6 3. d4 cxd4 4. Nxd4 a6 5. c4 e5 6. Nf3 Bb4+ 7. Bd2 Nf6 8. Bxb4 Nxb4 9. Nc3 d6 10. c5 dxc5
11. Qxd8+ Kxd8 12. O-O-O+ Ke7 13. Nxe5 Be6 14. Bc4 b5 15. Bxe6 Kxe6 16. Nd3 Rac8 17. Kb1 Nxd3 18. Rxd3 b4 19. Nd1 c4 20. Re3 Ke5
21. f4+ Kd4 22. e5 c3 23. bxc3+ bxc3 24. Kc2 Nd5 25. Rd3+ Kc4 26. Ne3+ Nxe3+ 27. Rxe3 Rhd8 28. Rxc3+ Kd4 29. Rd1+ Ke4 30. Rxd8 Rxd8
31. Rc4+ Ke3 32. Rc7 Rd2+ 33. Kb3 Rxg2 34. Rxf7 Rxh2 35. e6 Re2 36. Rf5
1-0

[Event "Dreadnoughts v Star Trek team"]
[Site "SchemingMind.com"]
[Date "2006.10.13"]
[Round "-"]
[White "thinkfirst29"]
[Black "ammar_k"]
[Result "0-1"]
[WhiteCountry "USA"]
[BlackCountry "CAN"]
[WhiteElo "1603"]
[WhiteRD "73"]
[BlackElo "1735"]
[BlackRD "139"]
[GameID "71779"]

1. e4 e5 2. Nf3 Nc6 3. Bc4 Bc5 4. c3 Nf6 5. Qe2 O-O 6. b4 Bb6 7. a4 a6 8. a5 Ba7 9. b5 axb5 10. Bxb5 Nxa5
11. Nxe5 Re8 12. d4 Nb3 13. Nxf7 Nxc1 14. Qc2 Rxe4+ 15. Kf1 Kxf7 16. Qxc1 Re7 17. Nd2 c6 18. Ba4 b5 19. Bb3+ d5 20. Nf3 h6
21. Ne5+ Rxe5 22. dxe5 Ne4 23. Qf4+ Kg8 24. Qxe4 Be6 25. Qg6 Bf7 26. Qxc6 Rc8 27. Qxb5 Rb8 28. Qa4 Rb7 29. Ke2 Qb6 30. Rhf1 Qc7
31. f4 Qxc3 32. Rf3 Qc5 33. e6 Bh5 34. Rf1 Qe3+ 35. Kd1 Rxb3 36. Qc6 Bxf3+ 37. Rxf3 Rd3+ 38. Kc2 Qe2+
0-1

[Event "Dreadnoughts v Star Trek team"]
[Site "SchemingMind.com"]
[Date "2006.10.14"]
[Round "-"]
[White "jminkler"]
[Black "Argeon"]
[Result "0-1"]
[WhiteCountry "USA"]
[BlackCountry "BEL"]
[WhiteElo "1579"]
[WhiteRD "87"]
[BlackElo "1523"]
[BlackRD "103"]
[GameID "71755"]

1. e4 e5 2. c4 Bc5 3. Nc3 Nf6 4. d3 Nc6 5. g3 d6 6. Bg2 O-O 7. Nge2 Be6 8. O-O Ng4 9. Qe1 Nd4 10. h3 Nc2
11. Qd2 Nxa1 12. hxg4 Bxg4 13. Kh2 Bxe2 14. Nxe2 b6 15. b4 Bd4 16. Nxd4 exd4 17. Bb2 c6 18. Bxd4 c5 19. Bxa1 Re8 20. Qc3 Qg5
21. f4 Qg6 22. f5 Qh6+ 23. Bh3 cxb4 24. Qxb4 a5 25. Qxb6 Qd2+ 26. Bg2 Qxd3 27. Bxg7 Kxg7 28. Qb2+ f6 29. e5 dxe5 30. Bxa8 Qxf1
31. Bg2 Qxc4 32. Qb7+ Kh6 33. Qd7 Qc8 34. Qd2+ Kg7 35. Qxa5 Qxf5 36. Qc7+ Kg6 37. Qc6 Qe6 38. Be4+ f5 39. Qxe6+ Rxe6 40. Bd5 Rd6
41. Bb3 Rd2+ 42. Kg1 e4 43. Kf1 Kg5 44. a4 Rd3 45. Bc4 Rxg3 46. a5 Rc3
0-1

[Event "Dreadnoughts v Star Trek team"]
[Site "SchemingMind.com"]
[Date "2006.10.14"]
[Round "-"]
[White "Argeon"]
[Black "jminkler"]
[Result "1-0"]
[WhiteCountry "BEL"]
[BlackCountry "USA"]
[WhiteElo "1523"]
[WhiteRD "103"]
[BlackElo "1579"]
[BlackRD "87"]
[GameID "71780"]

1. e4 e5 2. d4 exd4 3. Nf3 Bc5 4. Nxd4 d6 5. Bc4 Nf6 6. Nc3 O-O 7. O-O Bg4 8. f3 Be6 9. Kh1 Nc6 10. Nxe6 fxe6
11. Bxe6+ Kh8 12. Nd5 Nxd5 13. Bxd5 Rb8 14. Bxc6 bxc6 15. b3 Qf6 16. Bd2 Rbd8 17. Ba5 Bb6 18. Bxb6 axb6 19. a4 d5 20. Qd3 Qd6
21. Rfd1 Qe5 22. a5 bxa5 23. Rxa5 Rf6 24. Qd4 Qxd4 25. Rxd4 Rfd6 26. e5 Re6 27. f4 Kg8 28. g3 Kf7 29. c4 Ke7 30. cxd5 cxd5
31. Rdxd5 Rxd5 32. Rxd5 Rb6 33. Rd3 Ke6 34. Rc3 c6 35. Rd3 h6 36. h3 Ra6 37. Kg2 Ra2+ 38. Kf3 Rb2 39. g4 g5 40. Rd6+ Ke7
41. f5 Rxb3+ 42. Ke4 Rxh3 43. f6+ Kf7 44. Rd7+ Kf8 45. e6
1-0

[Event "Dreadnoughts v Star Trek team"]
[Site "SchemingMind.com"]
[Date "2006.10.13"]
[Round "-"]
[White "aelawton"]
[Black "jtrochez1"]
[Result "0-1"]
[WhiteCountry "GBR"]
[BlackCountry "HON"]
[WhiteElo "1637"]
[WhiteRD "76"]
[BlackElo "1605"]
[BlackRD "56"]
[GameID "71756"]

1. e4 c5 2. Nf3 d6 3. d4 cxd4 4. Nxd4 e5 5. Nf5 Bxf5 6. exf5 a6 7. Be2 h6 8. O-O Nf6 9. Nd2 b5 10. Nb3 Nc6
11. Bf3 d5 12. a3 e4 13. Be2 Bd6 14. Be3 Nd7 15. Qxd5 Qc7 16. Rad1 Be5 17. Na5 Ndb8 18. Nxc6 Nxc6 19. Qxe4 O-O 20. Bf3 Ne7
21. Qh4 Nxf5 22. Qe4 Nxe3 23. Qxe3 Rae8 24. Qb3 Bxh2+ 25. Kh1 Be5 26. Rfe1 Qc5 27. Rd5 Qc7 28. c3 Bf6 29. Qd1 Rxe1+ 30. Qxe1 Qa7
31. Bd1 Qa8 32. Bf3 Qb8 33. Bd1 Re8 34. Qd2 Bg5 35. Qd3 Re1+ 36. Qf1 Rxf1#
0-1

[Event "Dreadnoughts v Star Trek team"]
[Site "SchemingMind.com"]
[Date "2006.10.13"]
[Round "-"]
[White "jtrochez1"]
[Black "aelawton"]
[Result "0-1"]
[WhiteCountry "HON"]
[BlackCountry "GBR"]
[WhiteElo "1605"]
[WhiteRD "56"]
[BlackElo "1637"]
[BlackRD "76"]
[GameID "71781"]

1. e4 e5 2. Nf3 Nc6 3. Be2 Nf6 4. d3 Be7 5. Bd2 d6 6. h3 O-O 7. c4 Nd4 8. Nc3 c6 9. Nh2 Nd7 10. b4 a6
11. Nf3 Re8 12. O-O a5 13. b5 c5 14. Nxd4 exd4 15. Nd5 Bh4 16. a4 b6 17. f4 Bb7 18. Bg4 Bxd5 19. cxd5 Re7 20. Bxd7 Qxd7
21. Be1 Bf6 22. Rf3 Rae8 23. Bg3 Rc8 24. Rc1 Rc7 25. Bh2 Qc8 26. f5 Qd8 27. g4 Bg5 28. Bf4 Bf6 29. g5 Be5 30. Qe2 Red7
31. Kf2 Bxf4 32. Rxf4 Qxg5 33. Qf3 Qf6 34. Rg1 c4 35. Rfg4 g6 36. h4 h5 37. Rg5 Kf8 38. Qd1 c3 39. Qc2 Re7 40. Ke2 Re5
41. Rf1 Qe7 42. fxg6 Rxg5 43. hxg5 Qxg5 44. gxf7 Rxf7 45. Rxf7+ Kxf7 46. Kf1 Qf4+ 47. Ke2 Qh2+ 48. Kd1 Qxc2+
0-1

[Event "Dreadnoughts v Star Trek team"]
[Site "SchemingMind.com"]
[Date "2006.10.13"]
[Round "-"]
[White "marble"]
[Black "Seravajan"]
[Result "1-0"]
[WhiteCountry "ENG"]
[BlackCountry "SUI"]
[WhiteElo "1633"]
[WhiteRD "58"]
[BlackElo "1542"]
[BlackRD "80"]
[GameID "71757"]

1. e4 c5 2. Nf3 d6 3. d4 cxd4 4. Nxd4 Bd7 5. Bd3 Nf6 6. h3 h6 7. O-O Nc6 8. Nf3 e5 9. Nc3 Be7 10. Re1 O-O
11. a3 a6 12. b4 b5 13. Nh4 Nd4 14. Ne2 Ne6 15. c4 bxc4 16. Bxc4 Nxe4 17. Bxe6 Bxe6 18. Qd3 Ng5 19. Nf3 f5 20. Nxg5 Bxg5
21. Bxg5 hxg5 22. Rac1 e4 23. Qd2 d5 24. Nd4 Bc8 25. Nc6 Qd6 26. Rc5 Bb7 27. Na5 Bc8 28. Rxd5 Qf4 29. Qa2 Be6 30. g3 Qf3
31. Re3 Qh5 32. Qd2 Bxd5 33. Qxd5+ Kh7 34. Nb7 Qxh3 35. Nd6 Qg4 36. Rc3 g6 37. Rc7+ Kh6 38. Nf7+ Kh5 39. Nd8 Raxd8 40. Rh7#
1-0

[Event "Dreadnoughts v Star Trek team"]
[Site "SchemingMind.com"]
[Date "2006.10.13"]
[Round "-"]
[White "Seravajan"]
[Black "marble"]
[Result "0-1"]
[WhiteCountry "SUI"]
[BlackCountry "ENG"]
[WhiteElo "1542"]
[WhiteRD "80"]
[BlackElo "1633"]
[BlackRD "58"]
[GameID "71782"]

1. c4 e5 2. Nc3 Nf6 3. d3 Bb4 4. Bd2 d5 5. cxd5 Nxd5 6. Nxd5 Bxd2+ 7. Qxd2 Qxd5 8. Nf3 Nc6 9. e4 Qd6 10. a3 h6
11. Be2 O-O 12. O-O a6 13. b4 Ne7 14. Rac1 Qg6 15. Nxe5 Qe6 16. Nf3 c6 17. Nd4 Qg6 18. Kh1 Rd8 19. Nf3 b5 20. Nh4 Qf6
21. Nf3 Ng6 22. Rc5 Bg4 23. Ng1 Bc8 24. f4 Bb7 25. f5 Ne5 26. Nf3 Nd7 27. Rc2 Rac8 28. Qf4 c5 29. bxc5 Nxc5 30. d4 Ne6
31. Rxc8 Nxf4 32. Rxd8+ Qxd8 33. Rf2 Bxe4 34. Bd1 Bxf3 35. Bxf3 Qxd4 36. Rf1 Qd3 37. Re1 Qxa3 38. Re8+ Kh7 39. h3 Nxh3 40. Be4 Nf2+
41. Kg1 Qg3 42. f6+ g6 43. Re7 Nh3+ 44. Kh1 Nf2+ 45. Kg1 Nxe4 46. Rxe4 Qc3 47. Rf4 Qc1+
0-1

[Event "Dreadnoughts v Star Trek team"]
[Site "SchemingMind.com"]
[Date "2006.10.12"]
[Round "-"]
[White "Dr Strangelove"]
[Black "hanasdaddy"]
[Result "0-1"]
[WhiteCountry "ENG"]
[BlackCountry "ISR"]
[WhiteElo "1638"]
[WhiteRD "75"]
[BlackElo "1534"]
[BlackRD "113"]
[GameID "71758"]

1. d4 g6 2. Nf3 Bg7 3. e4 d6 4. Nc3 e5 5. Bc4 h6 6. Be3 exd4 7. Bxd4 Bxd4 8. Qxd4 Qf6 9. O-O-O Nc6 10. Bb5 Bd7
11. Bxc6 Bxc6 12. Qe3 Ne7 13. Nd4 a6 14. f3 O-O-O 15. Rhe1 Qg5 16. Qxg5 hxg5 17. h3 d5 18. Nxc6 bxc6 19. Rd3 dxe4 20. Rxe4 Nd5
21. Nxd5 Rxd5 22. Ra3 Rh4 23. Rxh4 gxh4 24. Rxa6 Kd7 25. b3 Rg5 26. Ra4 Rxg2 27. Rxh4 Rf2 28. Rf4 f5 29. a4 c5 30. c3 Kc6
31. b4 cxb4 32. cxb4 Ra2 33. a5 Kb5 34. Kb1 Ra4 35. Kb2 c5 36. Rh4 Rxb4+ 37. Rxb4+ cxb4 38. a6 Kxa6
0-1

[Event "Dreadnoughts v Star Trek team"]
[Site "SchemingMind.com"]
[Date "2006.10.13"]
[Round "-"]
[White "hanasdaddy"]
[Black "Dr Strangelove"]
[Result "0-1"]
[WhiteCountry "ISR"]
[BlackCountry "ENG"]
[WhiteElo "1534"]
[WhiteRD "113"]
[BlackElo "1638"]
[BlackRD "75"]
[GameID "71783"]

1. d4 d5 2. c4 e6 3. cxd5 exd5 4. Nc3 Nf6 5. Nf3 Bb4 6. Ne5 O-O 7. Qb3 Bxc3+ 8. bxc3 Re8 9. Bg5 Nbd7 10. e4 Nb6
11. Bd3 h6 12. Bh4 Be6 13. f3 dxe4 14. Bc4 exf3 15. gxf3 Bxc4
0-1

[Event "Dreadnoughts v Star Trek team"]
[Site "SchemingMind.com"]
[Date "2006.10.16"]
[Round "-"]
[White "orpc"]
[Black "iain"]
[Result "1-0"]
[WhiteCountry "GUA"]
[BlackCountry "USA"]
[WhiteElo "1698"]
[WhiteRD "90"]
[BlackElo "1448"]
[BlackRD "67"]
[GameID "71759"]

1. e4 d6 2. Nf3 Nf6 3. Nc3 g6 4. d4 Bg7 5. Bc4 O-O 6. O-O Nxe4 7. Re1 Nxc3 8. bxc3 d5 9. Bb3 b6 10. c4 Bb7
11. Ba3 Re8 12. c5 bxc5 13. Bxc5 e6 14. Rb1 Na6 15. Ba4 c6 16. Rxb7 Nxc5 17. dxc5 Qa5 18. Bxc6 Rec8 19. Bxd5 exd5 20. Qxd5 Rf8
21. Rxf7 Rad8 22. Rxg7+ Kxg7 23. Re7+ Kh6 24. Qg5#
1-0

[Event "Dreadnoughts v Star Trek team"]
[Site "SchemingMind.com"]
[Date "2006.10.15"]
[Round "-"]
[White "iain"]
[Black "orpc"]
[Result "0-1"]
[WhiteCountry "USA"]
[BlackCountry "GUA"]
[WhiteElo "1448"]
[WhiteRD "67"]
[BlackElo "1698"]
[BlackRD "90"]
[GameID "71784"]

1. d4 d5 2. c4 Nf6 3. Nc3 e6 4. Nf3 Nc6 5. e3 Bb4 6. Be2 O-O 7. O-O Ne4 8. Nxe4 dxe4 9. Ne5 Qf6 10. Ng4 Qe7
11. a3 f5 12. Ne5 Bd6 13. Nxc6 bxc6 14. c5 Bxh2+ 15. Kxh2 Qh4+ 16. Kg1 Rf6 17. g3 Qh3 18. Bf3 Rh6 19. Re1 Qh2+ 20. Kf1 Ba6+
0-1